| 000 | 00352nam a2200145Ia 4500 | ||
|---|---|---|---|
| 005 | 20240807062141.0 | ||
| 008 | 240806s9999||||xx |||||||||||||| ||eng|| | ||
| 041 | _aeng | ||
| 100 | _aRaghavan V. | ||
| 245 | 0 |
_aRaso ka sankhya / _cRaghavan V. |
|
| 260 | _bVishvavidhalay Prakashan Varanashi | ||
| 300 | _a184 | ||
| 650 | _aGeneral Studies | ||
| 942 | _cBK | ||
| 999 |
_c9986 _d9986 |
||